000 00470nam a2200145 a 4500
008 120416s1979 xx |||||||||||||| || u
050 _aHD 31 Hod
100 _aHodgetts, Richard M
245 1 0 _aManagement fundamentals
260 _c1979
350 _a0.00
650 _aMANAGEMENT FUNDAMENTALS
650 0 _aMANAGEMENT
995 _D0.00
_FCBU-MAIN LIBRARY (Kitwe)
_H1
_I6.00
_M1
_UDAMAGED
_ZMain Library Open Access Collection
999 _c49921
_d49921